La física del siglo xx /

Guardado en:
Autor Principal: Jordan, Pascual
Formato: Libro
Publicado: Argentina : Fondo de Cultura Economica, 1963
Edición:3a. ed.
Materias:
Etiquetas: Agregar Etiqueta
Sin Etiquetas, Sea el primero en etiquetar este registro!
LEADER 00738nam a22002295a 4500
001 CEM.cems003515
005 19000101000000.0
008 130507s1963##################000#0#####d
003 CEMS
082 0 4 |a 530.1 
100 1 |a Jordan, Pascual 
245 1 0 |a La física del siglo xx / 
250 |a 3a. ed. 
260 |a Argentina :  |b Fondo de Cultura Economica,  |c 1963 
300 |a 166 p. 
505 0 |a Las fuerzas naturales. Gravedad y aceleracion. Calor y energia. Una tempestad en miniatura. Alianza con los atomos. La fuerza y el futuro 
653 |a Filosofia y fisica 
653 |a Fisica 
653 |a Fisica cuantica 
653 |a Fisica y filosofia 
653 |a Mecanica 
859 |a CEMS  |b BIB. CEMS - 11 de abril  |h 530.1  |i J765a3  |p 5935.77  |t Ej.1